| 000 | 01494cam a22004097i 4500 | ||
|---|---|---|---|
| 999 |
_c8272 _d8272 |
||
| 003 | OSt | ||
| 005 | 20201015135652.0 | ||
| 008 | 151106s2011 onca j 001 0 eng | ||
| 016 | _a20119000857 | ||
| 020 | _a9781554534678 (hbk.) | ||
| 020 | _a1554534674 (hbk.) | ||
| 035 | _a(OCoLC)ocn695980794 | ||
| 042 | _alccopycat | ||
| 050 | 0 | 0 |
_aT173.8 _bL44 2011 |
| 055 | 0 |
_aT173.8 _bL44 2011 |
|
| 055 | 0 | 0 |
_aT173 .8 _bL44 2011 fol. |
| 082 | 0 | 4 |
_aj608 _223 _bLEE |
| 100 | 1 |
_aLee, Dora, _d1968- _eauthor. |
|
| 245 | 1 | 0 |
_aBiomimicry / _cwritten by Dora Lee ; illustrated by Margot Thompson. |
| 246 | 1 |
_iSubtitle on cover: _aInventions inspired by nature |
|
| 300 |
_a40 pages : _bcolor illustrations ; _c31 cm |
||
| 500 | _a"The artwork in this book was rendered in acrylic on canvas"--Title page verso. | ||
| 500 | _aIncludes index. | ||
| 520 | _aContains descriptions of technological innovations inspired by things found in the natural world. | ||
| 521 | 8 |
_a1110 _bLexile |
|
| 586 | _aOutstanding Science Trade Books for Students K-12, 2012 | ||
| 650 | 0 |
_aBiomimicry _vJuvenile literature. |
|
| 650 | 0 |
_aTechnological innovations _vJuvenile literature. |
|
| 650 | 1 | _aBiomimicry. | |
| 650 | 1 | _aTechnological innovations. | |
| 650 | 6 |
_aBionique _vOuvrages pour la jeunesse. |
|
| 650 | 6 |
_aInnovations _vOuvrages pour la jeunesse. |
|
| 650 | 7 |
_aEngineering. _2sears |
|
| 650 | 7 |
_aTechnological innovations. _2sears |
|
| 700 | 1 |
_aThompson, Margot, _d1965- _eillustrator. |
|
| 942 | _2ddc | ||